Statistics for US Presidents in Order: Shortest to Longest Lifespan

Click here to take the quiz!

General Stats

  • This quiz has been taken 73 times
  • The average score is 21 of 38

Answer Stats

RankLifespan (Years)President% Correct
146John F. Kennedy
96%
3893Gerald Ford
72%
3793Ronald Reagan
68%
456Abraham Lincoln
66%
249James A. Garfield
64%
3690John Adams
58%
353James K. Polk
57%
3590Herbert Hoover
57%
3181Richard Nixon
55%
557Chester A. Arthur
55%
3283Thomas Jefferson
55%
3488Harry S. Truman
55%
2979Martin Van Buren
53%
2778Andrew Jackson
53%
2574Millard Fillmore
53%
3385James Madison
53%
1767Benjamin Harrison
53%
1667George Washington
53%
1566Andrew Johnson
53%
1264Lyndon B. Johnson
53%
1163Franklin D. Roosevelt
53%
1063Ulysses S. Grant
53%
657Warren G. Harding
53%
3080John Quincy Adams
53%
1465Zachary Taylor
51%
2372William Howard Taft
51%
2473James Monroe
51%
960Theodore Roosevelt
51%
860Calvin Coolidge
51%
2878Dwight D. Eisenhower
51%
2070Rutherford B. Hayes
49%
2677James Buchanan
49%
2271John Tyler
49%
1968William Henry Harrison
49%
758William McKinley
49%
1867Woodrow Wilson
47%
1364Franklin Pierce
47%
2171Grover Cleveland
45%

Score Distribution

Percentile by Number Answered

Percent of People with Each Score

Your Score History

You have not taken this quiz